000 00445nam a2200181Ia 4500
008 130201t2010 xxu||||| |||| 00| 0 eng d
041 _aeng
080 _aX8S-1
_bTHI
100 _aAjith Thilakasena
245 _aරැලි සුලි
246 _aReli Suli
250 _a2nd
260 _bSarasavi Prakashakayo
_aNugegoda
_c2010
300 _b81p., 22 cm
942 _cBK
999 _c76338
_d76338
003 LK-CoDNM
040 _aLK-CoDNM
_dLK-CoDNM
_eLK-CoDNM